00305nam a2200121Ia 4500008004100000082001500041100002300056245004300079250000800122260003700130300000800167650000800175191201s2006 xx 000 0 und d a658.5bIVO aIVANCEVICH, John M 0aOrganizational Behavior and Management a7th aN.DelhibTata Mc Graw Hillc2006 a718 aMBA